[Event "SR 2. liga A 2014/2015"]
[Site "?"]
[Date "2014.11.09"]
[Round "4.5"]
[White "Lukac, Tomas"]
[Black "Slacky, Stanislav"]
[Result "1/2-1/2"]
[WhiteElo "2049"]
[BlackElo "2191"]
[PlyCount "98"]
[EventDate "2014.??.??"]

1. d4 Nc6 2. Nf3 d6 3. c4 e5 4. dxe5 Nxe5 5. Nxe5 dxe5 6. Qxd8+ Kxd8 7. Nc3 c6
8. b3 Be6 9. Bb2 f6 10. O-O-O+ Kc7 11. e3 Nh6 12. Be2 Be7 13. h3 Nf7 14. e4 g6
15. Kc2 Rhd8 16. Rxd8 Rxd8 17. Rd1 Bc5 18. Rxd8 Nxd8 19. f3 Bd7 20. Na4 Be3 21.
Kd3 Bf4 22. Bd1 Ne6 23. Nc3 Bg5 24. Ne2 b6 25. b4 Kd6 26. Ba4 h5 27. Bc3 Bf4
28. Be1 Bc8 29. Bf2 Bd7 30. Bg3 Bh6 31. a3 Bc8 32. Bf2 Bd7 33. Bg3 Be8 34. Bf2
Bf7 35. Bb3 c5 36. Ba4 Nf4+ 37. Nxf4 Bxf4 38. bxc5+ bxc5 39. Bb5 Bc1 40. a4 Bb2
41. Bh4 g5 42. Be1 Bg6 43. g4 Ba3 44. Ba5 hxg4 45. hxg4 Ke7 46. Kc3 Be8 47. Kb3
Bc1 48. Kc2 Ba3 49. Kb3 Bc1 1/2-1/2

[Event "SR 2. liga A 2014/2015"]
[Site "?"]
[Date "2014.11.09"]
[Round "4.5"]
[White "Micek, Jaroslav"]
[Black "Bango, Lukas"]
[Result "0-1"]
[WhiteElo "2112"]
[BlackElo "1917"]
[PlyCount "98"]
[EventDate "2014.??.??"]

1. d4 Nf6 2. Bg5 Ne4 3. Bf4 d5 4. f3 Nf6 5. e4 dxe4 6. Nc3 e6 7. fxe4 Bb4 8.
Qd3 c5 9. dxc5 Nbd7 10. c6 bxc6 11. Nge2 Qb6 12. Ng3 O-O 13. Qf3 e5 14. Bd2 Nc5
15. a3 Bg4 16. axb4 Bxf3 17. bxc5 Qxb2 18. Ra2 Qb4 19. gxf3 Rad8 20. Bd3 Nd7
21. Ke2 Qxc5 22. Rha1 Qd6 23. Nf5 Qe6 24. Rg1 g6 25. Bh6 Rfe8 26. Ra4 Nc5 27.
Rxa7 Nxd3 28. cxd3 Qb3 29. Bd2 Qc2 30. Nh6+ Kg7 31. Rxf7+ Kh8 32. Nd5 cxd5 33.
Rc1 dxe4 34. Rxc2 exd3+ 35. Kd1 dxc2+ 36. Kxc2 Ra8 37. f4 Ra2+ 38. Kc3 Rc8+ 39.
Kd3 Rd8+ 40. Ke4 Raxd2 41. fxe5 Re2+ 42. Kf4 Rd4+ 43. Kg5 Rxe5+ 44. Kf6 Re8 45.
Ra7 Rf4+ 46. Kg5 Ref8 47. Rb7 Rf2 48. h3 Rg2+ 49. Ng4 Rf5+ 0-1

[Event "SR 2. liga A 2014/2015"]
[Site "?"]
[Date "2014.11.09"]
[Round "4.5"]
[White "Jakubec, Milan"]
[Black "Dujava, Daniel"]
[Result "0-1"]
[WhiteElo "2102"]
[BlackElo "2078"]
[PlyCount "62"]
[EventDate "2014.??.??"]

1. e4 c5 2. Nf3 e6 3. d4 cxd4 4. Nxd4 Nc6 5. Nxc6 bxc6 6. c4 Nf6 7. Bd3 e5 8.
O-O Bc5 9. h3 d6 10. Nc3 Rb8 11. Rb1 a5 12. b3 h6 13. Qf3 O-O 14. Ne2 Nh7 15.
Ng3 Ng5 16. Qe2 g6 17. Be3 Bxe3 18. Qxe3 Kg7 19. f4 exf4 20. Rxf4 Bxh3 21. Nh5+
gxh5 22. gxh3 Qb6 23. Qxb6 Rxb6 24. Kh2 a4 25. Bc2 axb3 26. axb3 Ra8 27. Rbf1
Ra2 28. R1f2 Rb7 29. Rg2 Kf8 30. Rf6 Ke7 31. Rgf2 Rxc2 0-1

[Event "SR 2. liga A 2014/2015"]
[Site "?"]
[Date "2014.11.09"]
[Round "4.5"]
[White "Pytlik, Pavol"]
[Black "Kozinka, Roman"]
[Result "1-0"]
[WhiteElo "2027"]
[BlackElo "2001"]
[PlyCount "63"]
[EventDate "2014.??.??"]

1. e4 c5 2. Nc3 Nc6 3. f4 g6 4. Nf3 Bg7 5. Bb5 Nd4 6. O-O Nxb5 7. Nxb5 a6 8.
Nc3 b6 9. a4 Bb7 10. d3 e6 11. Qe1 Ne7 12. b3 O-O 13. Bb2 d5 14. e5 h5 15. h3
Bh6 16. g3 Qd7 17. Kh2 Nf5 18. Bc1 b5 19. g4 Ne7 20. Qh4 Bg7 21. gxh5 b4 22.
Ne2 Nf5 23. Qg4 d4 24. hxg6 fxg6 25. Ng3 Ne3 26. Bxe3 dxe3 27. Ng5 Rae8 28.
Rae1 Qd5 29. N5e4 Kh7 30. Rxe3 Bc6 31. Rg1 Qd4 32. Nf5 1-0

[Event "SR 2. liga A 2014/2015"]
[Site "?"]
[Date "2014.11.09"]
[Round "4.5"]
[White "Zarecky, Eduard"]
[Black "Puchovsky, Ladislav"]
[Result "0-1"]
[WhiteElo "1913"]
[BlackElo "1949"]
[PlyCount "66"]
[EventDate "2014.??.??"]

1. d4 Nf6 2. c4 c5 3. e3 e6 4. Nc3 b6 5. a3 Bb7 6. Nf3 Be7 7. dxc5 Bxc5 8. b4
Be7 9. Bb2 O-O 10. Be2 d5 11. O-O Nbd7 12. Nb5 a6 13. Nbd4 Rc8 14. Rc1 dxc4 15.
Rxc4 b5 16. Rxc8 Qxc8 17. Qb1 Be4 18. Bd3 Qb7 19. Bxe4 Nxe4 20. Rc1 Ndf6 21.
Qc2 Nd6 22. Nc6 Nc4 23. Nfe5 Nxb2 24. Nxe7+ Qxe7 25. Qxb2 Qd6 26. f3 h5 27. Kf2
Rd8 28. Rc6 Qd1 29. Rc2 Qh1 30. Kg3 Qe1+ 31. Rf2 Qxe3 32. Re2 Qg5+ 33. Kf2 Qh4+
0-1

[Event "SR 2. liga A 2014/2015"]
[Site "?"]
[Date "2014.11.09"]
[Round "4.5"]
[White "Prochazka, Jaromir"]
[Black "Brisudova, Veronika"]
[Result "1/2-1/2"]
[WhiteElo "1945"]
[BlackElo "1902"]
[PlyCount "91"]
[EventDate "2014.??.??"]

1. Nf3 f5 2. d4 g6 3. c4 Nf6 4. Nc3 Bg7 5. g3 O-O 6. Bg2 d6 7. O-O Qe8 8. Qc2
e5 9. dxe5 dxe5 10. e4 Nc6 11. Bg5 Be6 12. Bxf6 Bxf6 13. Nd5 Bd8 14. exf5 gxf5
15. Qd2 Qg6 16. Rfe1 e4 17. Nd4 Bxd5 18. cxd5 Nxd4 19. Qxd4 Bf6 20. Qb4 b6 21.
Rac1 Rac8 22. Rc2 Qg7 23. Ree2 Be5 24. Kh1 Rcd8 25. Qb3 Bd6 26. Qc3 Qh6 27. Qd2
Qg6 28. Qd4 Rde8 29. Qc4 Qh6 30. Kg1 Re7 31. b4 Rfe8 32. a3 e3 33. Qh4 Qxh4 34.
gxh4 exf2+ 35. Kxf2 Bxh2 36. Rxe7 Rxe7 37. Rc3 Bd6 38. Re3 Kf7 39. Rd3 Kg6 40.
Bf3 Kf6 41. h5 f4 42. Rc3 Ke5 43. Rc4 Kf5 44. Rc3 Ke5 45. Rc4 Kf5 46. Rc3
1/2-1/2

[Event "SR 2. liga A 2014/2015"]
[Site "?"]
[Date "2014.11.09"]
[Round "4.6"]
[White "Liptak, Tomas"]
[Black "Janos, Martin"]
[Result "1-0"]
[WhiteElo "2168"]
[BlackElo "2215"]
[PlyCount "99"]
[EventDate "2014.??.??"]

1. e4 c5 2. Nf3 Nc6 3. d4 cxd4 4. Nxd4 e5 5. Nb5 d6 6. c4 f5 7. exf5 Bxf5 8.
Bd3 Be6 9. O-O Be7 10. N1c3 a6 11. Na3 Nf6 12. Nc2 O-O 13. Bg5 Ng4 14. Bxe7
Nxe7 15. h3 Nf6 16. Ne3 b5 17. Ncd5 Nfxd5 18. cxd5 Bf7 19. Rc1 Bg6 20. Bxg6
Nxg6 21. Qg4 Rf6 22. g3 Ne7 23. Rc2 Rg6 24. Qh4 Qf8 25. Qe4 Qf7 26. Rd1 Rf8 27.
Rdd2 Kh8 28. Rc7 Qe8 29. Kg2 Rgf6 30. Ng4 R6f7 31. Ne3 g6 32. Rdc2 Nf5 33. Nxf5
gxf5 34. Qb4 Rf6 35. Qh4 Qg6 36. Rc8 f4 37. g4 Kg7 38. Rxf8 Rxf8 39. Rc7+ Rf7
40. Rxf7+ Kxf7 41. Qd8 Qe4+ 42. Kh2 Qxd5 43. Qd7+ Kf8 44. Qd8+ Kf7 45. Qd7+ Kf6
46. Qf5+ Ke7 47. Qxh7+ Kd8 48. g5 f3 49. g6 Qd4 50. Qg8+ 1-0

[Event "SR 2. liga A 2014/2015"]
[Site "?"]
[Date "2014.11.09"]
[Round "4.6"]
[White "Certek, Pavel"]
[Black "Kovacocy, Pavel"]
[Result "1-0"]
[WhiteElo "2267"]
[BlackElo "2192"]
[PlyCount "81"]
[EventDate "2014.??.??"]

1. d4 g6 2. e4 Bg7 3. Nf3 c5 4. dxc5 Qa5+ 5. Bd2 Qxc5 6. Nc3 Nf6 7. Be2 O-O 8.
O-O d6 9. Be3 Qa5 10. Nd4 Bd7 11. Nb3 Qc7 12. Qd2 Nc6 13. f3 Be6 14. Nb5 Qc8
15. c4 a5 16. Rac1 a4 17. N3d4 Nxd4 18. Bxd4 Nd7 19. Be3 Nc5 20. Nc3 Qc7 21.
Nd5 Bxd5 22. cxd5 Qa5 23. Qxa5 Rxa5 24. Rb1 f5 25. exf5 Rxf5 26. f4 Kf8 27.
Rfd1 Bh6 28. g3 Na6 29. Bf3 Ke8 30. Be4 Rf8 31. Bd2 Rb5 32. Bc2 Nc5 33. b4 axb3
34. axb3 Bg7 35. b4 Nd7 36. Be3 Bc3 37. Rb3 Bxb4 38. Bd3 Rxd5 39. Rxb4 Nc5 40.
Bb5+ Kd8 41. Rxd5 1-0

[Event "SR 2. liga A 2014/2015"]
[Site "?"]
[Date "2014.11.09"]
[Round "4.6"]
[White "Janos, Jozef"]
[Black "Puskar, Peter"]
[Result "1/2-1/2"]
[WhiteElo "2151"]
[BlackElo "2051"]
[PlyCount "87"]
[EventDate "2014.??.??"]

1. Nf3 Nf6 2. d4 e6 3. c4 b6 4. Nc3 Bb7 5. Bg5 Be7 6. e3 O-O 7. Be2 h6 8. Bh4
d6 9. O-O Nbd7 10. Nd2 a6 11. f4 c5 12. Bf3 Qc7 13. Rc1 Rac8 14. Bxf6 Nxf6 15.
d5 exd5 16. Nxd5 Nxd5 17. cxd5 b5 18. b3 Rfe8 19. Ne4 Qb6 20. Kh1 Rc7 21. Qd2
Bf8 22. Rfe1 Rce7 23. Ng3 Bc8 24. e4 g6 25. h3 Bg7 26. Kh2 Kh7 27. Bg4 Qd8 28.
Bxc8 Qxc8 29. Re2 Qd8 30. Qd3 Kg8 31. Rce1 Kf8 32. Kh1 Kg8 33. Nf1 Rc7 34. Nd2
Qf6 35. Rf1 Qc3 36. Qb1 f5 37. Rfe1 Rce7 38. Nf3 Rxe4 39. Rxe4 Rxe4 40. Rxe4
fxe4 41. Qxe4 Qf6 42. a4 Kf7 43. axb5 axb5 44. g4 1/2-1/2

[Event "SR 2. liga A 2014/2015"]
[Site "?"]
[Date "2014.11.09"]
[Round "4.6"]
[White "Stetina, Erik"]
[Black "Fabry, Robert"]
[Result "0-1"]
[WhiteElo "2051"]
[BlackElo "2129"]
[PlyCount "90"]
[EventDate "2014.??.??"]

1. e4 e5 2. Nf3 Nc6 3. Bb5 a6 4. Ba4 Nf6 5. O-O Be7 6. Qe2 b5 7. Bb3 d6 8. c3
O-O 9. Rd1 Na5 10. Bc2 c5 11. d4 Qc7 12. h3 Re8 13. dxe5 dxe5 14. Nbd2 Bb7 15.
b3 Rad8 16. Bb2 Nc6 17. Nf1 Bd6 18. Ne3 b4 19. cxb4 Nd4 20. Nxd4 exd4 21. Ng4
Nxe4 22. f3 Ng3 23. Qd3 f5 24. Re1 c4 25. bxc4 Bxb4 26. Rxe8+ Rxe8 27. Qb3 fxg4
28. c5+ Kh8 29. Qd3 Ne2+ 30. Kh1 Ng3+ 31. Kg1 Ne2+ 32. Kh1 g6 33. Bxd4+ Nxd4
34. Qxd4+ Qg7 35. Qxb4 Qxa1+ 36. Kh2 Qe5+ 37. f4 Qg7 38. Ba4 Re4 39. Qb6 Qf7
40. Qb2+ Qg7 41. Qb6 Qd4 42. hxg4 Re2 43. Kh3 Qxf4 44. Bc6 Bxc6 45. Qxc6 Re3+
0-1

[Event "SR 2. liga A 2014/2015"]
[Site "?"]
[Date "2014.11.09"]
[Round "4.6"]
[White "Slapak, Zdenek"]
[Black "Puchart, Vladimir"]
[Result "1-0"]
[WhiteElo "2091"]
[BlackElo "2031"]
[PlyCount "69"]
[EventDate "2014.??.??"]

1. c4 Nf6 2. Nc3 c5 3. g3 Nc6 4. Bg2 g6 5. Nf3 Bg7 6. O-O O-O 7. d4 cxd4 8.
Nxd4 Ng4 9. e3 Nge5 10. b3 d6 11. h3 Nxd4 12. exd4 Nc6 13. Be3 e5 14. dxe5 dxe5
15. Qxd8 Rxd8 16. Rad1 Be6 17. Nb5 Rxd1 18. Rxd1 Nd4 19. Bxb7 Rd8 20. Kg2 Rb8
21. Be4 f5 22. Bb1 Bd7 23. Bxd4 exd4 24. Nxd4 Re8 25. Kf1 Bc8 26. Nb5 f4 27. g4
Bb7 28. Nc7 Rb8 29. Nd5 a5 30. Nxf4 Bf3 31. Re1 Bd4 32. Be4 Bxe4 33. Rxe4 Bb2
34. Nd5 a4 35. b4 1-0

[Event "SR 2. liga A 2014/2015"]
[Site "?"]
[Date "2014.11.09"]
[Round "4.6"]
[White "Doucha, Ludvik"]
[Black "Kuna, Vladimir"]
[Result "1/2-1/2"]
[WhiteElo "2006"]
[BlackElo "1989"]
[PlyCount "42"]
[EventDate "2014.??.??"]

1. e4 c5 2. c4 d6 3. Ne2 g6 4. d4 cxd4 5. Nxd4 Bg7 6. Be3 Nf6 7. Nc3 a6 8. Be2
O-O 9. O-O Qc7 10. Rc1 Nc6 11. h3 e6 12. Qd2 Nxd4 13. Bxd4 Bd7 14. Qe3 Bc6 15.
Rfd1 Qe7 16. e5 dxe5 17. Bc5 Qc7 18. Bd6 Qc8 19. Bxf8 Qxf8 20. Qxe5 Ne4 21. Qf4
Bh6 1/2-1/2

[Event "SR 2. liga A 2014/2015"]
[Site "?"]
[Date "2014.11.09"]
[Round "4.6"]
[White "Kostial, Jan"]
[Black "Sturdik, Igor"]
[Result "1/2-1/2"]
[WhiteElo "1000"]
[BlackElo "1990"]
[PlyCount "136"]
[EventDate "2014.??.??"]

1. d4 Nf6 2. Nf3 e6 3. g3 d5 4. Bg2 Be7 5. Bg5 h6 6. Bxf6 Bxf6 7. c3 O-O 8.
Nbd2 Nd7 9. e4 c6 10. O-O Re8 11. e5 Be7 12. b4 b6 13. a4 a5 14. b5 cxb5 15.
axb5 Nf8 16. Qb3 Bb7 17. Rfc1 Rc8 18. Ra4 Qd7 19. Bf1 Rc7 20. h4 Rec8 21. Bd3
Qe8 22. Ra2 f6 23. exf6 Bxf6 24. Rac2 Kh8 25. Re1 Re7 26. Ne5 Bxe5 27. Rxe5 Nd7
28. Re3 e5 29. Bf5 exd4 30. Rxe7 Qxe7 31. Bxd7 Qxd7 32. cxd4 Rxc2 33. Qxc2 Qxb5
34. Qc7 Qc6 35. Qd8+ Kh7 36. Nf3 Qf6 37. Qc7 Qxf3 38. Qxb7 Qd1+ 39. Kg2 Qxd4
40. h5 a4 41. Qc6 Qd3 42. Qxa4 b5 43. Qf4 d4 44. Qd6 Qe4+ 45. f3 Qe2+ 46. Kh3
Qxf3 47. Qg6+ Kg8 48. Qe8+ Qf8 49. Qxb5 Qc8+ 50. Kh2 Qd8 51. Qc4+ Kf8 52. Qd3
Qd5 53. g4 Ke7 54. Kg3 Qe5+ 55. Kf3 Ke6 56. Qa6+ Qd6 57. Qd3 Qc6+ 58. Kf4 Qd5
59. Qg6+ Kd7 60. Qxg7+ Kc6 61. Qxh6+ Kc5 62. Qg5 Qxg5+ 63. Kxg5 d3 64. h6 d2
65. h7 d1=Q 66. h8=Q Qd2+ 67. Kg6 Qd3+ 68. Kf7 Qf3+ 1/2-1/2

[Event "SR 2. liga A 2014/2015"]
[Site "?"]
[Date "2014.12.06"]
[Round "5.1"]
[White "Dolnak, Michal"]
[Black "Gabris, Ondrej"]
[Result "1-0"]
[WhiteElo "2187"]
[BlackElo "2251"]
[PlyCount "139"]
[EventDate "2014.??.??"]

1. d4 Nf6 2. c4 e6 3. Nf3 Bb4+ 4. Nbd2 b6 5. a3 Bxd2+ 6. Qxd2 Bb7 7. e3 O-O 8.
Be2 d6 9. O-O Qe7 10. b4 Nbd7 11. Bb2 Rfe8 12. Qc2 e5 13. d5 Nf8 14. e4 Ng6 15.
g3 Bc8 16. Ne1 Bh3 17. Ng2 h6 18. Rae1 Nh7 19. Qd1 Qd7 20. Bc1 Nf6 21. f3 h5
22. Rf2 h4 23. Nxh4 Nxh4 24. gxh4 a5 25. b5 Nh7 26. Bf1 Bxf1 27. Rexf1 Qh3 28.
Rg2 Qxh4 29. Kh1 Kh8 30. Rfg1 Rg8 31. Rg4 Qh5 32. Qf1 g5 33. Qg2 f6 34. f4 exf4
35. Bxf4 Rae8 36. Bd2 Rg6 37. Bc3 Kg8 38. Rf1 Rf8 39. Kg1 Rf7 40. Rf3 Rgg7 41.
Kf1 Kf8 42. Ke1 Qh6 43. Kd1 Ke7 44. Rgg3 Nf8 45. Rh3 Qg6 46. Qg4 Rh7 47. Rxh7
Qxh7 48. h3 Qg6 49. Kc1 Kd8 50. Rf5 Ke7 51. Rf3 Kd8 52. Rf5 Ke7 53. Bd4 Qh6 54.
Rf3 Nd7 55. Qe6+ Kf8 56. Kc2 Qh5 57. Rf2 Qh4 58. Qf5 Qg3 59. Rf3 Qe1 60. Rf2
Nc5 61. Bxc5 bxc5 62. h4 Qa1 63. hxg5 Qa2+ 64. Kd1 Qb3+ 65. Kd2 Qb2+ 66. Kd1
Qb3+ 67. Kd2 Qxc4 68. gxf6 Qxb5 69. Qc8+ Qe8 70. Qh3 1-0

[Event "SR 2. liga A 2014/2015"]
[Site "?"]
[Date "2014.12.06"]
[Round "5.1"]
[White "Madar, Martin"]
[Black "Bronis, Marian"]
[Result "1-0"]
[WhiteElo "2174"]
[BlackElo "2157"]
[PlyCount "97"]
[EventDate "2014.??.??"]

1. e4 g6 2. d4 Nf6 3. f3 d5 4. e5 Nh5 5. g4 Ng7 6. Bh6 c5 7. dxc5 Nc6 8. Bb5
Qa5+ 9. Nc3 d4 10. Qxd4 Nf5 11. gxf5 Bxh6 12. Qh4 Be3 13. fxg6 Bf5 14. b4 Qa3
15. gxf7+ Kxf7 16. Nd5 Qb2 17. e6+ Bxe6 18. Qh5+ Kg7 19. Nxe3 Qxa1+ 20. Kf2 Qe5
21. Qh4 Qf6 22. Qe4 Nd4 23. Bd3 Raf8 24. c3 Nf5 25. Ng4 Qg6 26. Ne2 Kg8 27. Rg1
Ng7 28. Qe3 Bxg4 29. Bxg6 Rxf3+ 30. Qxf3 Bxf3 31. Bd3 Bd5 32. Nf4 Bf7 33. Be4
e5 34. Nd3 b6 35. c6 Kf8 36. Nxe5 Ne6 37. Nxf7 Kxf7 38. Bd5 Kf6 39. Bxe6 Kxe6
40. c4 Rd8 41. Re1+ Kf5 42. Rd1 Rc8 43. b5 Ke4 44. Rd7 h5 45. Kg3 a5 46. Kh4 a4
47. Kxh5 a3 48. Kg6 Rf8 49. h4 1-0

[Event "SR 2. liga A 2014/2015"]
[Site "?"]
[Date "2014.12.06"]
[Round "5.1"]
[White "Biro, Karol"]
[Black "Riabov, Alexander"]
[Result "0-1"]
[WhiteElo "2136"]
[BlackElo "2072"]
[PlyCount "82"]
[EventDate "2014.??.??"]

1. c4 d5 2. cxd5 Nf6 3. Nc3 Nxd5 4. Nf3 g6 5. e4 Nxc3 6. dxc3 Qxd1+ 7. Kxd1 Bg7
8. Be3 Nc6 9. Kc2 a6 10. h3 O-O 11. Bc4 b5 12. Bd3 Bb7 13. Rhe1 Rfd8 14. Bc5
Rd7 15. a4 b4 16. cxb4 Bxb2 17. Kxb2 Rxd3 18. Red1 Rad8 19. Rxd3 Rxd3 20. Kc2
Rd7 21. Nd2 Nd4+ 22. Bxd4 Rxd4 23. Kc3 e5 24. f3 f6 25. Nb3 Rd6 26. Ra2 Kf7 27.
Nc5 Bc8 28. b5 axb5 29. a5 Ba6 30. Rd2 b4+ 31. Kc2 Rc6 32. Kb3 Rxc5 33. Rd7+
Ke6 34. Rxh7 Rxa5 35. Rxc7 Bf1 36. Kxb4 Ra2 37. Rc6+ Ke7 38. g3 Rb2+ 39. Kc3
Rf2 40. Rc7+ Kd6 41. Rh7 Rxf3+ 0-1

[Event "SR 2. liga A 2014/2015"]
[Site "?"]
[Date "2014.12.06"]
[Round "5.1"]
[White "Janos, Ivan"]
[Black "Sukuba, Zdeno"]
[Result "1-0"]
[WhiteElo "2171"]
[BlackElo "2096"]
[PlyCount "79"]
[EventDate "2014.??.??"]

1. e4 c6 2. d4 d5 3. f3 e6 4. Nc3 Bb4 5. e5 c5 6. a3 Bxc3+ 7. bxc3 Nc6 8. f4
Nge7 9. Nf3 Qb6 10. Be3 Bd7 11. Bd3 c4 12. Be2 Nf5 13. Bc1 h5 14. Ng5 h4 15.
Bh5 g6 16. Bf3 Qd8 17. O-O f6 18. exf6 Qxf6 19. a4 b6 20. Re1 O-O-O 21. Bg4
Rde8 22. Nf3 Nd6 23. Ne5 Rh7 24. Qf3 Kc7 25. Bd2 Bc8 26. Re2 Bb7 27. Rae1 Ne4
28. Nxc4 Nxd4 29. cxd4 Qxd4+ 30. Be3 Qxc4 31. a5 d4 32. axb6+ axb6 33. Bf2 Ng3
34. Qa3 Nxe2+ 35. Bxe2 Qc3 36. Qa4 h3 37. Qxe8 hxg2 38. Qxe6 d3 39. cxd3 Qh8
40. Bxb6+ 1-0

[Event "SR 2. liga A 2014/2015"]
[Site "?"]
[Date "2014.12.06"]
[Round "5.1"]
[White "Petreje, Juraj"]
[Black "Gazi, Mikulas"]
[Result "0-1"]
[WhiteElo "2060"]
[BlackElo "2098"]
[PlyCount "52"]
[EventDate "2014.??.??"]

1. d4 Nf6 2. c4 g6 3. Nc3 d5 4. Nf3 Bg7 5. Bf4 O-O 6. e3 c5 7. dxc5 Qa5 8. Bxb8
Rxb8 9. Qa4 Qxc5 10. cxd5 Nxd5 11. Nxd5 Qxd5 12. Bc4 Qh5 13. Qxa7 Bg4 14. Nd4
e5 15. Nb3 e4 16. Nd4 b5 17. Bxf7+ Kh8 18. Qe7 Bxd4 19. exd4 Qf5 20. h3 Rxf7
21. Qh4 Bh5 22. g4 Qf3 23. O-O Rf4 24. Kh2 Bxg4 25. hxg4 Rxg4 26. Qh6 Qg2# 0-1

[Event "SR 2. liga A 2014/2015"]
[Site "?"]
[Date "2014.12.06"]
[Round "5.1"]
[White "Zacik, Anton"]
[Black "Mandak, Miroslav"]
[Result "0-1"]
[WhiteElo "1936"]
[BlackElo "2003"]
[PlyCount "74"]
[EventDate "2014.??.??"]

1. e4 c5 2. d4 cxd4 3. c3 dxc3 4. Nxc3 Nc6 5. Nf3 d6 6. Bc4 Nf6 7. e5 Ng8 8.
O-O e6 9. exd6 Bxd6 10. Qe2 Nf6 11. Rd1 Qe7 12. Bg5 h6 13. Bxf6 gxf6 14. Ne4
Bc7 15. Bb5 Bd7 16. Rxd7 Kxd7 17. Rd1+ Ke8 18. Qc4 Kf8 19. Bxc6 bxc6 20. Qxc6
Rd8 21. Re1 Kg7 22. Qc4 Rc8 23. Qe2 f5 24. Nc3 Qf6 25. g3 Ba5 26. Ne5 Rhd8 27.
Qb5 Bxc3 28. bxc3 Rd5 29. Qb7 Rxc3 30. f4 Rd2 31. Qxa7 Rcc2 32. a4 Rg2+ 33. Kh1
Rxh2+ 34. Kg1 Rcg2+ 35. Kf1 Rxg3 36. Qxf7+ Qxf7 37. Nxf7 Kxf7 0-1

[Event "SR 2. liga A 2014/2015"]
[Site "?"]
[Date "2014.12.06"]
[Round "5.1"]
[White "Kebis, Milos"]
[Black "Srna, Jan"]
[Result "1-0"]
[WhiteElo "1942"]
[BlackElo "1957"]
[PlyCount "113"]
[EventDate "2014.??.??"]

1. c4 e6 2. Nf3 f5 3. d4 Nf6 4. Nc3 d5 5. g3 c6 6. Bg2 Bd6 7. cxd5 exd5 8. O-O
O-O 9. Bg5 Qe8 10. Qc2 Ne4 11. Bc1 Nd7 12. Ne1 Qh5 13. Nd3 g5 14. f4 g4 15.
Nxe4 fxe4 16. Ne5 Rb8 17. e3 Qf5 18. Rf2 h5 19. b3 Nf6 20. a4 Kg7 21. Ba3 Qe6
22. Bxd6 Qxd6 23. Rc1 Nd7 24. h4 Rf6 25. Bf1 Nf8 26. Qc3 Bd7 27. Rfc2 Ne6 28.
b4 Nd8 29. b5 Be8 30. Qa5 Ra8 31. Be2 Bd7 32. Qc3 Be8 33. Qb2 Rc8 34. Rc5 b6
35. R5c2 c5 36. dxc5 bxc5 37. Rd1 Qe6 38. Rcd2 Bf7 39. Rxd5 Nb7 40. Rd7 Nd8 41.
Rxd8 Rxd8 42. Rxd8 Qa2 43. Qxa2 Bxa2 44. Rd7+ Kf8 45. Rc7 Rd6 46. Rxc5 Rd2 47.
Kf2 Bb3 48. Ke1 Ra2 49. Bc4 Ra1+ 50. Kd2 Bxa4 51. Rc8+ Ke7 52. Rc7+ Kd6 53.
Rc6+ Ke7 54. Re6+ Kd8 55. f5 Rd1+ 56. Kc3 Re1 57. f6 1-0

[Event "SR 2. liga A 2014/2015"]
[Site "?"]
[Date "2014.12.06"]
[Round "5.1"]
[White "Kosnac, Patrik"]
[Black "Faltan, Peter"]
[Result "0-1"]
[WhiteElo "1235"]
[BlackElo "1988"]
[PlyCount "102"]
[EventDate "2014.??.??"]

1. d4 d5 2. c4 e6 3. Nc3 Nf6 4. Nf3 Nbd7 5. Bf4 c6 6. e3 Bb4 7. a3 Ba5 8. cxd5
exd5 9. Bd3 h6 10. Qc2 Bc7 11. Bxc7 Qxc7 12. Rc1 O-O 13. b4 Qd6 14. Na4 Nb8 15.
Nc5 b6 16. Nb3 Bb7 17. Ne5 Nfd7 18. f4 Re8 19. O-O Nf8 20. Rf3 f6 21. Bg6 Re7
22. Ng4 Bc8 23. Bf5 Bxf5 24. Qxf5 Qe6 25. Qh5 Qf7 26. Rg3 Qxh5 27. Nxf6+ Kf7
28. Nxh5 g6 29. Nd2 gxh5 30. Nf3 Nfd7 31. Ne5+ Nxe5 32. fxe5 a5 33. Rf1+ Ke6
34. Rf6+ Kd7 35. Rg8 axb4 36. Rff8 Kc7 37. Rc8+ Kb7 38. axb4 Ra1+ 39. Kf2 Na6
40. b5 cxb5 41. Rcd8 Nc7 42. Rd6 b4 43. Rgg6 Ra6 44. Ke2 Nb5 45. Rdf6 b3 46.
Kd2 Rc7 47. e6 b2 48. e7 b1=Q 49. Rxb6+ Rxb6 50. Rxb6+ Kxb6 51. e8=Q Rc2+ 0-1

[Event "SR 2. liga A 2014/2015"]
[Site "?"]
[Date "2014.12.06"]
[Round "5.2"]
[White "Rohacek, Miroslav"]
[Black "Duben, Igor"]
[Result "1-0"]
[WhiteElo "2272"]
[BlackElo "2198"]
[PlyCount "95"]
[EventDate "2014.??.??"]

1. Nf3 Nf6 2. c4 c6 3. g3 d5 4. Bg2 g6 5. b3 Bg7 6. Bb2 O-O 7. O-O Qb6 8. Qc2
Bf5 9. d3 Na6 10. a3 dxc4 11. bxc4 Nc5 12. Nbd2 Rfd8 13. e4 Bg4 14. Rab1 Qa6
15. d4 Ne6 16. h3 Bxf3 17. Nxf3 Rac8 18. c5 b6 19. cxb6 axb6 20. Rfd1 Ne8 21.
Bf1 b5 22. e5 N8c7 23. a4 Qxa4 24. Qxc6 Qa8 25. Rdc1 Bh6 26. Rc2 Qb8 27. Qe4
Qa8 28. Bd3 Rb8 29. Qe2 b4 30. Ra1 Qb7 31. Be4 Qb5 32. Qxb5 Nxb5 33. d5 Nec7
34. Rc5 Ne8 35. Ra5 Nbc7 36. Ra7 Rdc8 37. Nd4 Bf8 38. Nc6 Ra8 39. Rxa8 Rxa8 40.
Nxe7+ Bxe7 41. d6 Bxd6 42. exd6 Ne6 43. Bxa8 Nxc5 44. Bd4 Ne6 45. d7 N8c7 46.
Bf3 Nd8 47. Bf6 Nce6 48. Bd5 1-0

[Event "SR 2. liga A 2014/2015"]
[Site "?"]
[Date "2014.12.06"]
[Round "5.2"]
[White "Oprea, Erik"]
[Black "Kralovic, Andrej"]
[Result "0-1"]
[WhiteElo "2163"]
[BlackElo "2172"]
[PlyCount "92"]
[EventDate "2014.??.??"]

1. c4 Nf6 2. Nc3 e5 3. g3 Nc6 4. Bg2 Bb4 5. a3 Bxc3 6. dxc3 d6 7. e4 Be6 8. b3
h6 9. Ne2 O-O 10. f3 a6 11. a4 Qd7 12. Be3 Bh3 13. O-O Bxg2 14. Kxg2 Rad8 15.
Ra2 b6 16. g4 Nh7 17. Ng3 Qe6 18. h4 Ne7 19. Rh1 f6 20. Kg1 Ng6 21. Nf5 Nf4 22.
a5 b5 23. cxb5 axb5 24. Bxf4 exf4 25. Qd5 Rfe8 26. Qxe6+ Rxe6 27. Nd4 Ree8 28.
Nxb5 Rb8 29. c4 Rec8 30. a6 Nf8 31. Nd4 Kf7 32. Kf2 Rb6 33. a7 Ra8 34. Ra3 Ne6
35. Nxe6 Kxe6 36. Ke2 Rb7 37. Rha1 Kd7 38. Kd3 Ke6 39. Kc3 Kd7 40. Ra5 g5 41.
hxg5 hxg5 42. b4 Ke6 43. b5 Kd7 44. Kd4 Rb6 45. Ra6 c5+ 46. Kd5 Re8 0-1

[Event "SR 2. liga A 2014/2015"]
[Site "?"]
[Date "2014.12.06"]
[Round "5.2"]
[White "Kimerling, Martin"]
[Black "Sosovicka, Matej"]
[Result "0-1"]
[WhiteElo "2157"]
[BlackElo "2155"]
[PlyCount "64"]
[EventDate "2014.??.??"]

1. d4 d5 2. Bf4 Nf6 3. Nf3 c5 4. e3 Nc6 5. c3 Qb6 6. b3 g6 7. Bd3 Bg7 8. Nbd2
O-O 9. Ne5 Nh5 10. Nxc6 bxc6 11. Bg5 Re8 12. Nf3 cxd4 13. cxd4 c5 14. O-O cxd4
15. exd4 Bg4 16. h3 Bxf3 17. Qxf3 Bxd4 18. Rad1 e6 19. g4 Ng7 20. h4 f5 21.
gxf5 Nxf5 22. h5 Rf8 23. hxg6 hxg6 24. Qg4 Bg7 25. Kg2 e5 26. Bxf5 Rxf5 27. Qh4
Raf8 28. Be7 R8f7 29. Bg5 e4 30. Be3 d4 31. Bg5 Qc5 32. Bd2 e3 0-1

[Event "SR 2. liga A 2014/2015"]
[Site "?"]
[Date "2014.12.06"]
[Round "5.2"]
[White "Ochrana, Ladislav"]
[Black "Machalova, Erika"]
[Result "1/2-1/2"]
[WhiteElo "1994"]
[BlackElo "2102"]
[PlyCount "66"]
[EventDate "2014.??.??"]

1. d4 Nf6 2. Nf3 e6 3. c4 b6 4. g3 Bb7 5. Bg2 Be7 6. Nc3 d6 7. Qc2 Nbd7 8. b3
d5 9. cxd5 Nxd5 10. Nxd5 Bxd5 11. O-O Rc8 12. Nd2 Bxg2 13. Kxg2 c5 14. dxc5
Nxc5 15. Qc4 Bf6 16. Rb1 Qd7 17. Nf3 O-O 18. Bb2 Qb7 19. Bxf6 Ne4 20. Qb4 Nxf6
21. Rbc1 Qa6 22. Qd2 h6 23. Kg1 Qa3 24. Rc2 Ne4 25. Qc1 Qa6 26. Ne5 Qb7 27. Rd1
Rxc2 28. Qxc2 Rc8 29. Qd3 Nc3 30. Qd7 Nxe2+ 31. Kf1 Qh1+ 32. Kxe2 Qe4+ 33. Kf1
Qh1+ 1/2-1/2

[Event "SR 2. liga A 2014/2015"]
[Site "?"]
[Date "2014.12.06"]
[Round "5.2"]
[White "Sahidi, Samir"]
[Black "Szollos, Ondrej"]
[Result "1-0"]
[WhiteElo "2026"]
[BlackElo "1972"]
[PlyCount "135"]
[EventDate "2014.??.??"]

1. e4 d6 2. Nc3 Nf6 3. d4 c6 4. Nf3 Bg4 5. Bf4 Nbd7 6. h3 Bh5 7. e5 Nd5 8. Nxd5
cxd5 9. exd6 e6 10. c4 dxc4 11. Bxc4 Qb6 12. O-O Bxd6 13. Bxd6 Qxd6 14. d5 e5
15. Bb5 O-O-O 16. Qa4 Kb8 17. Nd2 Nb6 18. Qh4 Bg6 19. Ne4 Bxe4 20. Qxe4 Qxd5
21. Qb4 Qd6 22. Qg4 f6 23. a4 a6 24. Be2 Qd7 25. Qg3 Qe7 26. Qb3 Nd7 27. Rac1
Qd6 28. Bf3 Qb6 29. Qf7 Qb4 30. Rfd1 e4 31. Rc4 Qxb2 32. Bxe4 Ne5 33. Qc7+ Ka7
34. Rxd8 Rxd8 35. Qc5+ Qb6 36. Qxb6+ Kxb6 37. Rb4+ Ka5 38. Rxb7 Rd7 39. Rb8 h6
40. Kf1 Nc4 41. Ke2 Nb6 42. Kf3 Nxa4 43. Rc8 Nb6 44. Rc1 Kb4 45. Rb1+ Kc5 46.
Ra1 Ra7 47. Rc1+ Kd4 48. Rd1+ Ke5 49. Rb1 Nc4 50. Rd1 Nd6 51. Bb1 a5 52. Ba2
Rd7 53. Rd5+ Ke6 54. Rg5+ Ke7 55. Rxg7+ Kd8 56. Rg6 Ne8 57. Rxh6 a4 58. Rh4 Ra7
59. Rd4+ Ke7 60. h4 Kf8 61. h5 Re7 62. Rd8 Kg7 63. Ra8 Kh6 64. g4 Ng7 65. Kf4
Re8 66. Rxa4 f5 67. g5+ Kxh5 68. Bf7+ 1-0